000 00568nam a2200217 a 4500
001 BRCA_6995
005 20190320205654.0
008 231111s1898----gw-#######---#000-0#ger-#
041 _ager
044 _agw
050 4 _aPC2121
_b.K7 1898
100 1 _aKron, Richard
_d1859-
_917407
245 1 0 _aLe Petit Parisien
_bPariser französisch
_cvon Dr. R. Kron.
250 _a4
260 _aKarlsruhe, Alemania
_bJ. Bielefelds Verlag
_c1898
300 _aviii, 184 p.
_c17 cm.
500 _aO13
650 1 4 _aLengua francesa
_917408
902 _aGFM
942 _2lcc
_cB
999 _c6676
_d6676